000 00875nam a22002891 4500
001 5849
003 BD-RjUL
005 20211208234136.0
008 140107t1968 enkacf 001 0 eng
020 _a0571083234
035 _aMITb10137234
035 _a(OCoLC)00040179
035 _a(BD-RjUL)5888
040 _aDLC
_cDLC
_dm.c.
_dMYG
_dBD-RjUL
_beng
041 _aeng
082 0 4 _216
_a361.4
_bADV 1968
090 _aHC60
_b.A215
099 _aHC60.A215
100 1 _aAdams, Michael,
_d1920-
_918366
245 1 0 _aVoluntary Service Overseas :
_bthe story of the first ten years /
_cwith a foreword by H.R.H. Prince Philip, Duke of Edinburgh.
260 _aLondon :
_bFaber,
_c1968.
300 _a3-234 p. :
_b8 plates, illus., ports. ;
_c21 cm.
504 _aIncludes index.
610 2 0 _aVoluntary Service Overseas.
_918367
942 _2ddc
_cBK
999 _c5849
_d5849